00743nam a2200193 a 450000100100000000500170001000800410002702000180006804000250008624501140011126000960022530000170032150000320033850000420037050000390041250400340045170000310048570000330051600003973520201002033715.0130718s2010 mx 000 0 spa d a9786074620818 aDO-SdBNPbspacBNPHU00aHistoria sociolinguística de México /cDirectores Rebeca Barriga Villanueva, Pedro Martín Butragueño. aMéxico :bEl Colegio de México,bCentro de Estudios Linguísticos y Litararios,c2010. av. ;c23 cm. aIncluye índice de lenguas aIncluye notas al pie de las páginas aLa biblioteca posee el volúmen 2 aBibliografía : p. 1266-12701 aBarriga Villanueva, Rebeca1 aMartín Butragueño, Pedro